02247 2200241 4500001002100000005001500021035002000036007000300056008003900059082001600098084002200114100003700136245013500173300001100308650006700319520141600386336002101802337002801823338002501851856007401876264003901950990001601989INLIS00000000150475520260429093559 a0010-0426000077ta260429 | | |  aL.310-25185 aL.310-25185 REG a0 aREGITA NADYA PRAMESTIePengarang1 aANALISIS PREFERENSI KONSUMEN PADA PRODUK SATE MELALUI MEDIA PEMASARAN GOFOOD DAN GRABFOOD DI KECAMATAN LAWANG /cPolbangtan Malang a64 hlm 4aPreferensi konsumen, sate, gofood, grabfood, customer loyalty. aPerkembangan teknologi informasi dan komunikasi menjadikan preferensi konsumen memegang peranan penting dalam meningkatkan keputusan pembelian konsumen terhadap suatu pilihan. Dalam hal pemenuhan kebutuhan makanan layanan pesan antar makanan berbasis aplikasi seperti GoFood dan GrabFood menjadi pilihan utama masyarakat Penelitian ini memiliki tujuan yaitu menganalisis preferensi konsumen dalam memilih layanan pesan antar GoFood dan GrabFood dalam melakukan pembelian pada sate di Kecamatan Lawang. Sampel penelitian ini sebanyak 100 orang yang menggunakan Gofood atau Grabfood. Penelitian ini menggunakan pendekatan kuantitatif dengan metode survei yang dilaksanakan secara purposive di tiga warung sate di Kecamatan Lawang. Penentuan jumlah sampel menggunakan rumus Lemeshow, dengan kriteria responden pernah membeli sate di salah satu warung menggunakan GoFood atau GrabFood. Analisis data dilakukan secara deskriptif kuantitatif untuk menggambarkan karakteristik responden, preferensi konsumen dan loyalitas pelanggan. Hasil analisis konsumen sate di Kecamatan Lawang lebih banyak menggunakan GoFood dengan responden sebanyak 60 responden. Dengan karakteristik konsumen rata-rata perempuan dengan rentang usia 20-30 tahun yang mempunyai rata-rata pekerjaan karyawan swasta, buruh dan ibu rumah tangga dengan gaji rata-rata 3-4 juta yang memiliki frekuensi pembelian rata-rata 3-6 kali. 2rdacontentaText 2rdamediaaBuku Tercetak 2rdacarrieraHardcopy ahttps://repository.polbangtanmalang.ac.id/xmlui/handle/123456789/2142 aMalang :bPolbangtan Malang,c2025 aL.310-25185